000 00667cam a22002057a 4500
003 OSt
005 20221111100033.0
008 100519s2010 nyuo 000 0 eng
020 _a9780545285049
040 _cDDC
082 _aF / RIO
245 1 4 _aThe 39 clues :
_bthe black book of buried secrets /
_c[written by Mallory Kass] ; introduction by Rick Riordan.
246 3 _aThirty nine clues
246 3 _aBlack book of buried secrets
260 _aNew York :
_bScholastic,
_c2010.
300 _a184 p. :
_bphotos ;
_c20 cm.
906 _a7
_bcbc
_corignew
_d4
_encip
_f20
_gy-gencatlg
942 _2ddc
_cCIRC
999 _c19255
_d19253